Estudios sobre derechos humanos
Shranjeno v:
| Glavni avtor: | |
|---|---|
| Format: | Knjiga |
| Jezik: | španščina |
| Izdano: |
Valparaíso
Universidad de Valparaíso
1991
|
| Serija: | Jornadas Académicas, 15
|
| Teme: | |
| Oznake: |
Označite
Brez oznak, prvi označite!
|
MARC
| LEADER | 00000cam a2200000 a 4500 | ||
|---|---|---|---|
| 001 | UCV2014 | ||
| 003 | CL-VaPUC | ||
| 008 | 910913e19910000CL |||||||||||||||||spa|d | ||
| 082 | 0 | 4 | |a 323.4 |b SQU |2 21 |
| 100 | 0 | |a Squella Narducci, Agustín |e author |9 296196 | |
| 245 | 1 | 0 | |a Estudios sobre derechos humanos |
| 300 | |a 197 p | ||
| 942 | |c BK | ||
| 945 | |d 19910913 00:00:00 | ||
| 260 | |a Valparaíso |b Universidad de Valparaíso |c 1991 | ||
| 650 | 0 | |a Derechos humanos |9 223025 | |
| 583 | |a last modification |c 20180727 10:52:04 |k Rodrigo Vera | ||
| 490 | 0 | |a Jornadas Académicas, 15 | |
| 999 | |c 209709 |d 209707 | ||
| 952 | |0 0 |1 0 |4 0 |6 323_400000000000000_SQU_1991 |7 0 |8 A |9 185344 |a BIBDER |b BIBDER |d 2019-11-14 |i 2528541 |o 323.4 SQU 1991 |p 2528541 |r 2023-01-25 |w 2019-11-14 |y BK |k DER | ||
| 952 | |0 0 |1 0 |4 0 |6 323_400000000000000_SQU_1991 |7 0 |8 A |9 185345 |a BIBHIS |b BIBHIS |d 2019-11-14 |i 1209353 |o 323.4 SQU 1991 |p 1209353 |r 2025-01-20 |w 2019-11-14 |y BK |k HIS | ||
| 952 | |0 0 |1 0 |3 erb |4 0 |6 323_400000000000000_SQU_1991 |7 0 |8 A |9 185346 |a BIBDER |b BIBDER |e Mateluna Arestizabal, Alfredo Sergio |i 548300K |l 1 |o 323.4 SQU 1991 |p 548300K |r 2023-01-25 |s 2021-08-06 |w 2019-11-14 |y BK |z Catalogado en:20180727 |k DER | ||